Top 100 Most Popular Death Metal Albums on Rate Your Music - Statistics

General Stats
  • This quiz has been taken 145 times
  • The average score is 30 of 100
Answer Stats
No. of Ratings Year of Release Sub-Genre Album % Correct
15,627 1991 Technical Death Metal / Death Metal Human
84%
21,550 1995 Technical Death Metal Symbolic
84%
12,663 1988 Death Metal Leprosy
82%
11,868 1987 Death Metal Scream Bloody Gore
82%
14,830 1998 Technical Death Metal / Progressive Metal The Sound of Perseverance
75%
11,916 1993 Technical Death Metal Individual Thought Patterns
72%
10,922 1989 Death Metal Altars of Madness
64%
11,524 1996 Brutal Death Metal / Technical Death Metal None So Vile
63%
9,085 1990 Death Metal Spiritual Healing
63%
5,540 1992 Death Metal / Brutal Death Metal Tomb of the Mutilated
60%
7,606 1990 Death Metal Left Hand Path
58%
8,203 1993 Melodic Death Metal Heartwork
54%
5,894 1985 Death Metal / Thrash Metal Seven Churches
54%
7,601 1995 Melodic Death Metal Slaughter of the Soul
51%
4,990 1990 Death Metal Cause of Death
49%
5,495 1991 Brutal Death Metal Effigy of the Forgotten
49%
9,984 1998 Avant-Garde Metal / Dissonant Death Metal / Technical Death Metal Obscura
49%
13,042 2005 Progressive / Death Metal From Mars to Sirius
48%
3,889 1989 Death Metal Slowly We Rot
48%
4,699 1990 Death Metal Deicide
47%
3,708 1991 Death Metal / Brutal Death Metal Butchered at Birth
40%
3,443 1990 Death Metal Eaten Back to Life
40%
5,075 1995 Brutal Death Metal / Technical Death Metal Pierced From Within
40%
3,580 1993 Death 'n' Roll Wolverine Blues
40%
5,911 1991 Death Metal Blessed Are the Sick
39%
4,179 1994 Death Metal The Bleeding
39%
4,393 1991 Death Metal Clandestine
38%
5,865 1993 Death Metal Covenant
37%
6,464 1996 Melodic Death Metal The Jester Race
36%
5,685 1991 Death Metal Like an Ever Flowing Stream
34%
4,035 1992 Death Metal Legion
33%
7,849 2014 Death Metal / Black Metal The Satanist
33%
4,494 2000 Melodic Death Metal Clayman
31%
4,855 1989 Death Metal Consuming Impulse
31%
3,157 1996 Death 'n' Roll Swansong
31%
4,493 1992 Death Metal The IVth Crusade
31%
5,931 2005 Death Metal Those Once Loyal
31%
4,208 1995 Melodic Death Metal The Gallery
30%
9,088 1991 Technical Death Metal / Progressive Metal Unquestionable Presence
30%
7,211 2008 Progressive Metal / Death Metal The Way of All Flesh
29%
3,761 1991 Death Metal War Master
29%
4,449 1997 Melodic Death Metal Whoracle
29%
8,097 1993 Progressive Metal / Technical Death Metal Focus
28%
6,703 1996 Melodic Death Metal / Progressive Metal Crimson
27%
8,994 1998 Progressive Metal / Death Metal My Arms, Your Hearse
27%
3,518 1995 Death Metal Domination
26%
4,933 1989 Death Metal Severed Survival
26%
4,965 1989 Death Metal / Goregrind Symphonies of Sickness
26%
4,829 2005 Technical Death Metal / Brutal Death Metal Annihilation of the Wicked
25%
3,627 1994 Death Metal ...For Victory
25%
6,041 1991 Death Metal Mental Funeral
25%
5,973 1991 Death Metal Necroticism: Descanting the Insalubrious
25%
4,768 1989 Death Metal Realm of Chaos
25%
4,230 1994 Brutal Death Metal / Technical Death Metal Blasphemy Made Flesh
24%
5,628 2013 Technical Death Metal / Dissonant Death Metal Colored Sands
24%
3,659 1991 Death Metal Dawn of Possession
24%
7,082 2019 Death Metal / Progressive Metal Hidden History of the Human Race
24%
5,938 2000 Death Metal Close to a World Below
22%
4,807 1990 Technical Death Metal Piece of Time
22%
3,591 2001 Death Metal / Progressive Metal Terra Incognita
22%
3,125 2005 Melodic Death Metal / Power Metal Are You Dead Yet?
21%
3,616 1991 Death Metal Considered Dead
21%
3,250 2004 Technical Death Metal Epitaph
21%
4,456 2000 Melodic Death Metal / Power Metal Follow the Reaper
21%
6,539 1993 Technical Death Metal Nespithe
21%
3,648 2003 Death Metal / Progressive Metal The Link
21%
5,283 1989 Deathgrind World Downfall
21%
5,768 2012 Progressive Metal / Death Metal L'enfant sauvage
20%
4,247 1999 Power Metal / Melodic Death Metal Hatebreeder
19%
3,925 1993 Technical Death Metal The Erosion of Sanity
19%
4,079 1992 Death Metal Onward to Golgotha
18%
3,348 1990 Technical Death Metal / Death Metal The Key
18%
3,964 1992 Death Metal The Red In the Sky Is Ours
18%
3,295 1993 Technical Death Metal / Progressive Metal Elements
17%
3,821 1986 Thrash Metal / Death Metal Morbid Visions
17%
4,141 1999 Melodic Death Metal Colony
16%
3,318 2001 Technical Death Metal / Dissonant Death Metal From Wisdom to Hate
16%
3,030 1997 Melodic Death Metal / Power Metal Something Wild
16%
3,241 2013 Melodic Death Metal Surgical Steel
16%
3,571 1996 Death Metal Here In After
15%
4,170 2016 Death Metal Starspawn
15%
3,469 2003 Melodic Death Metal / Power Metal Hate Crew Deathroll
13%
3,681 2004 Death Metal Demigod
12%
4,964 2020 Technical Death Metal / Dissonant Death Metal Stare Into Death and Be Still
12%
3,843 2009 Technical Death Metal / Dissonant Death Metal Everything Is Fire
11%
4,204 1991 Death Metal Soulside Journey
11%
4,255 2008 Melodic Death Metal Twilight of the Thunder God
11%
3,964 2004 Melodic Death Metal / Power Metal Wintersun
11%
4,518 1994 Melodic Death Metal Tales From the Thousand Lakes
10%
3,661 2022 Dissonant Death Metal Artificial Brain
9%
3,631 2006 Melodic Death Metal Come Clarity
9%
4,078 2009 Death Metal / Death-Doom Metal Hatred for Mankind
9%
3,887 2002 Technical Death Metal / Brutal Death Metal In Their Darkened Shrines
8%
3,187 2019 Death Metal Planetary Clairvoyance
8%
3,266 2002 Melodic Death Metal Reroute to Remain
8%
3,055 2018 Technical Death Metal / Dissonant Death Metal ION
7%
3,890 2006 Melodic Death Metal With Oden on Our Side
7%
3,586 2020 Avant-Garde Metal / Dissonant Death Metal / Technical Death Metal Alphaville
3%
3,203 2021 Avant-Garde Metal / Technical Death Metal / Dissonant Death Metal Imperative Imperceptible Impulse
3%
3,454 2012 Deathgrind Monolith of Humanity
3%
No matching quizzes found
Score Distribution
Percent of People with Each Score
Percentile by Number Answered
Your Score History
You have not taken this quiz